[Event "Menchik Memorial Challengers"]
[Site "London"]
[Date "2024.08.31"]
[Round "4.5"]
[White "Jarocka, Liwia"]
[Black "Rida, Ruqayyah"]
[Result "1-0"]
[WhiteElo "2217"]
[BlackElo "2110"]
[PlyCount "107"]
[EventDate "2024.08.30"]
[EventType "tourn"]
[EventRounds "9"]
[EventCountry "ENG"]
[SourceTitle "BritBase"]
[Source "John Saunders"]
[SourceDate "2024.09.04"]
[SourceVersion "1"]
[SourceVersionDate "2024.09.04"]
[SourceQuality "1"]

1. e4 e5 2. Nf3 Nc6 3. Bb5 a6 4. Ba4 Nf6 5. Nc3 b5 6. Bb3 Bc5 7. d3 d6 8. Nd5 h6 9. c3 Be6 10. O-O O-O 11. d4 Nxe4 12. dxc5 Nxc5 13. Bc2 f5 14. b4 Nd7 15. a4 Rb8 16. axb5 axb5 17. Kh1 e4 18. Ng1 Nce5 19. f3 Qh4 20. Nxc7 Bc4 21. Bb3 Nd3 22. g3 Qh5 23. Nxb5 Bxb3 24. Qxb3+ Kh8 25. Nd4 N7e5 26. Qc2 Qf7 27. Qg2 Qd5 28. Bf4 Nc4 29. Nh3 Rf6 30. Rad1 Ndb2 31. fxe4 fxe4 32. Rde1 Rbf8 33. Nf2 g5 34. Nxe4 gxf4 35. Nxf6 Qxg2+ 36. Kxg2 Rxf6 37. Rxf4 Rxf4 38. gxf4 Nd3 39. Re8+ Kg7 40. Kf3 Kf7 41. Re6 h5 42. Rh6 Ne1+ 43. Kg3 Nd3 44. Rxh5 Nd2 45. Rf5+ Kg6 46. Ra5 Ne4+ 47. Kf3 d5 48. Rxd5 Nxc3 49. Rd6+ Kf7 50. b5 Ne1+ 51. Kg4 Ne4 52. Re6 Nf2+ 53. Kf5 Ned3 54. b6 1-0

[Event "Menchik Memorial Challengers"]
[Site "London"]
[Date "2024.09.01"]
[Round "5.1"]
[White "Mirzoeva, Elmira"]
[Black "Jarocka, Liwia"]
[Result "1-0"]
[WhiteElo "2260"]
[BlackElo "2242"]
[PlyCount "63"]
[EventDate "2024.08.30"]
[EventType "tourn"]
[EventRounds "9"]
[EventCountry "ENG"]
[SourceTitle "BritBase"]
[Source "John Saunders"]
[SourceDate "2024.09.04"]
[SourceVersion "1"]
[SourceVersionDate "2024.09.04"]
[SourceQuality "1"]

1. c4 e6 2. Nf3 d5 3. e3 c5 4. b3 d4 5. e4 Nc6 6. d3 Bd6 7. Be2 Nge7 8. O-O O-O 9. Nbd2 a6 10. Ne1 e5 11. Bg4 b5 12. Bxc8 Nxc8 13. g3 Kh8 14. Ng2 Nb6 15. f4 bxc4 16. bxc4 exf4 17. gxf4 f6 18. Nf3 Qd7 19. f5 g5 20. fxg6 hxg6 21. Nfh4 Kg7 22. Qd2 g5 23. Nf5+ Kh7 24. h4 Rg8 25. hxg5 Rg6 26. Qe2 Ne5 27. Bf4 Kg8 28. Qh5 Rg7 29. Nxg7 Qxg7 30. gxf6 Qxf6 31. Bxe5 Qxe5 32. Rf5 1-0

[Event "Menchik Memorial Challengers"]
[Site "London"]
[Date "2024.09.01"]
[Round "5.2"]
[White "Navrotescu, Andreea"]
[Black "Lach, Aleksandra"]
[Result "1-0"]
[WhiteElo "2281"]
[BlackElo "2278"]
[PlyCount "55"]
[EventDate "2024.08.30"]
[EventType "tourn"]
[EventRounds "9"]
[EventCountry "ENG"]
[SourceTitle "BritBase"]
[Source "John Saunders"]
[SourceDate "2024.09.04"]
[SourceVersion "1"]
[SourceVersionDate "2024.09.04"]
[SourceQuality "1"]

1. d4 d5 2. c4 c6 3. Nc3 Nf6 4. Nf3 a6 5. e3 b5 6. b3 Bg4 7. a4 bxc4 8. bxc4 Nbd7 9. a5 e6 10. c5 Ne4 11. Nxe4 dxe4 12. h3 Bxf3 13. gxf3 exf3 14. Qxf3 Qc7 15. Bg2 Rc8 16. O-O g6 17. Qe2 Bg7 18. Qxa6 Nxc5 19. Qc4 Nb7 20. a6 Nd8 21. Ba3 Bf8 22. Bc5 Bxc5 23. Qxc5 Kd7 24. Rfb1 Ra8 25. Rb6 Qc8 26. a7 Qc7 27. Raa6 Qd6 28. Bxc6+ 1-0

[Event "Menchik Memorial Challengers"]
[Site "London"]
[Date "2024.09.01"]
[Round "5.3"]
[White "Subramanian, Anusha"]
[Black "Varney, Zoe"]
[Result "1/2-1/2"]
[WhiteElo "2067"]
[BlackElo "2067"]
[PlyCount "68"]
[EventDate "2024.08.30"]
[EventType "tourn"]
[EventRounds "9"]
[EventCountry "ENG"]
[SourceTitle "BritBase"]
[Source "John Saunders"]
[SourceDate "2024.09.04"]
[SourceVersion "1"]
[SourceVersionDate "2024.09.04"]
[SourceQuality "1"]

1. Nf3 d5 2. b3 Nf6 3. Bb2 e6 4. c4 Nbd7 5. e3 Bd6 6. Nc3 a6 7. Qc2 O-O 8. d4 b6 9. Bd3 Bb7 10. cxd5 exd5 11. O-O Re8 12. h3 Ne4 13. Bxe4 dxe4 14. Nd2 Qh4 15. Nc4 Bf8 16. Ne2 Nf6 17. Ne5 Bd6 18. Ng3 Bc8 19. Ne2 Nd5 20. Nc3 Nxc3 21. Qxc3 Bxh3 22. gxh3 Qxh3 23. Qc6 Bxe5 24. dxe5 Qg4+ 25. Kh2 Qh4+ 26. Kg2 Qg4+ 27. Kh2 Rac8 28. Rg1 Qh4+ 29. Kg2 Re6 30. Qc1 Rg6+ 31. Kf1 Qh3+ 32. Ke2 Qf3+ 33. Kf1 Qh3+ 34. Ke2 Qf3+ 1/2-1/2

[Event "Menchik Memorial Challengers"]
[Site "London"]
[Date "2024.09.01"]
[Round "5.4"]
[White "Hryshchenko, Kamila"]
[Black "Van Foreest, Machteld"]
[Result "0-1"]
[WhiteElo "2163"]
[BlackElo "2224"]
[PlyCount "58"]
[EventDate "2024.08.30"]
[EventType "tourn"]
[EventRounds "9"]
[EventCountry "ENG"]
[SourceTitle "BritBase"]
[Source "John Saunders"]
[SourceDate "2024.09.04"]
[SourceVersion "1"]
[SourceVersionDate "2024.09.04"]
[SourceQuality "1"]

1. e4 c6 2. d4 d5 3. e5 Bf5 4. h4 h5 5. Bd3 Bxd3 6. Qxd3 e6 7. Nf3 Qa5+ 8. Nbd2 Nh6 9. O-O Nf5 10. c4 Be7 11. g3 Nd7 12. a3 dxc4 13. Nxc4 Qd5 14. b4 c5 15. Qb3 Nb6 16. Nd6+ Bxd6 17. Qxd5 Nxd5 18. exd6 cxb4 19. d7+ Kxd7 20. axb4 Rhc8 21. Bd2 f6 22. Rfc1 Rxc1+ 23. Rxc1 Rc8 24. Rxc8 Kxc8 25. Kf1 Kc7 26. Ke2 Kc6 27. Kd3 Kb5 28. Ke4 Kc4 29. Bf4 Nc3# 0-1

[Event "Menchik Memorial Challengers"]
[Site "London"]
[Date "2024.09.01"]
[Round "5.5"]
[White "Rida, Ruqayyah"]
[Black "Antolak, Julia"]
[Result "0-1"]
[WhiteElo "2115"]
[BlackElo "2299"]
[PlyCount "66"]
[EventDate "2024.08.30"]
[EventType "tourn"]
[EventRounds "9"]
[EventCountry "ENG"]
[SourceTitle "BritBase"]
[Source "John Saunders"]
[SourceDate "2024.09.04"]
[SourceVersion "1"]
[SourceVersionDate "2024.09.04"]
[SourceQuality "1"]

1. e4 e5 2. Nf3 Nc6 3. d4 exd4 4. Nxd4 Nf6 5. Nxc6 bxc6 6. e5 Nd5 7. c4 Ne7 8. Nc3 Ng6 9. f4 Bc5 10. Ne4 Bb4+ 11. Bd2 Qe7 12. Qf3 O-O 13. O-O-O Bxd2+ 14. Rxd2 d5 15. exd6 cxd6 16. Nxd6 Qe1+ 17. Rd1 Qa5 18. Kb1 Be6 19. g3 Rfd8 20. Be2 Rab8 21. b3 Qa3 22. Ne4 Rxd1+ 23. Rxd1 a5 24. Rd2 a4 25. Rb2 Qb4 26. Ka1 Bf5 27. Nc3 a3 28. Rd2 Re8 29. g4 Bxg4 30. Qg3 Bxe2 31. f5 Bh5 32. fxg6 Qxc3+ 33. Qxc3 Re1+ 0-1

[Event "Menchik Memorial Challengers"]
[Site "London"]
[Date "2024.09.01"]
[Round "6.1"]
[White "Mirzoeva, Elmira"]
[Black "Navrotescu, Andreea"]
[Result "0-1"]
[WhiteElo "2260"]
[BlackElo "2281"]
[PlyCount "78"]
[EventDate "2024.08.30"]
[EventType "tourn"]
[EventRounds "9"]
[EventCountry "ENG"]
[SourceTitle "BritBase"]
[Source "John Saunders"]
[SourceDate "2024.09.04"]
[SourceVersion "1"]
[SourceVersionDate "2024.09.04"]
[SourceQuality "1"]

1. d4 Nf6 2. c4 e6 3. Nf3 b6 4. g3 Ba6 5. b3 Bb4+ 6. Bd2 Be7 7. Bg2 d5 8. O-O O-O 9. Nc3 Nbd7 10. Ne5 Bb7 11. Qc2 c5 12. Nxd7 Qxd7 13. dxc5 d4 14. c6 Bxc6 15. Ne4 Rac8 16. Nxf6+ Bxf6 17. Qd3 e5 18. Rad1 Rfe8 19. Be4 g6 20. e3 Qb7 21. Bxc6 Qxc6 22. e4 Bg7 23. f3 Bf8 24. Rde1 b5 25. Rc1 Qa6 26. cxb5 Qxa2 27. Rc6 Rxc6 28. bxc6 Rc8 29. Rc1 Ba3 30. Rc4 Qa1+ 31. Kg2 Qd1 32. f4 Bb2 33. Qc2 Qe2+ 34. Kg1 Bc3 35. fxe5 Bxd2 36. h4 Be3+ 37. Kh1 Qf1+ 38. Kh2 Bg1+ 39. Kh1 Bf2+ 0-1

[Event "Menchik Memorial Challengers"]
[Site "London"]
[Date "2024.09.01"]
[Round "6.2"]
[White "Van Foreest, Machteld"]
[Black "Rida, Ruqayyah"]
[Result "1-0"]
[WhiteElo "2224"]
[BlackElo "2115"]
[PlyCount "107"]
[EventDate "2024.08.30"]
[EventType "tourn"]
[EventRounds "9"]
[EventCountry "ENG"]
[SourceTitle "BritBase"]
[Source "John Saunders"]
[SourceDate "2024.09.04"]
[SourceVersion "1"]
[SourceVersionDate "2024.09.04"]
[SourceQuality "1"]

1. e4 e5 2. Nf3 Nc6 3. Bc4 Bc5 4. c3 Nf6 5. d3 d6 6. Nbd2 a6 7. a4 Ba7 8. O-O h6 9. h3 O-O 10. Re1 Re8 11. b4 Be6 12. Bb2 Qd7 13. Qc2 Ne7 14. d4 Bxc4 15. Nxc4 Ng6 16. Rad1 Qe6 17. d5 Qd7 18. Bc1 Nh5 19. Be3 Nhf4 20. Na5 Qc8 21. Bxf4 Nxf4 22. c4 Qd8 23. c5 Qf6 24. Re3 b6 25. Nc6 bxc5 26. Nxa7 Rxa7 27. bxc5 Raa8 28. Kh2 g5 29. g3 Ng6 30. Ne1 Kg7 31. Rf3 Qe7 32. Ng2 Kh7 33. Ne3 Qf8 34. cxd6 cxd6 35. Qc7 Kg8 36. Ng4 Kg7 37. Ne3 Red8 38. Rb1 Rac8 39. Qa5 Kg8 40. Rb7 Ne7 41. Qxa6 Rc3 42. Kg2 h5 43. Nf5 Nxf5 44. Rxc3 Nh6 45. Qb6 Ra8 46. a5 g4 47. h4 f5 48. Rcc7 fxe4 49. Rg7+ Kh8 50. Rh7+ Kg8 51. Rbg7+ Qxg7 52. Rxg7+ Kxg7 53. Qb7+ Nf7 54. Qxa8 1-0

[Event "Menchik Memorial Challengers"]
[Site "London"]
[Date "2024.09.01"]
[Round "6.3"]
[White "Varney, Zoe"]
[Black "Hryshchenko, Kamila"]
[Result "1/2-1/2"]
[WhiteElo "2067"]
[BlackElo "2163"]
[PlyCount "105"]
[EventDate "2024.08.30"]
[EventType "tourn"]
[EventRounds "9"]
[EventCountry "ENG"]
[SourceTitle "BritBase"]
[Source "John Saunders"]
[SourceDate "2024.09.04"]
[SourceVersion "1"]
[SourceVersionDate "2024.09.04"]
[SourceQuality "1"]

1. e4 e6 2. d4 d5 3. Nc3 dxe4 4. Nxe4 Bd7 5. Nf3 Bc6 6. Bd3 Nd7 7. Qe2 Ngf6 8. O-O Bxe4 9. Bxe4 Nxe4 10. Qxe4 c6 11. c4 Be7 12. Re1 O-O 13. Bf4 Qa5 14. a3 Rfd8 15. Rad1 Bf6 16. Rd3 Nf8 17. Ne5 c5 18. b4 cxb4 19. Qxb7 Bxe5 20. axb4 Qc7 21. Qxc7 Bxc7 22. Bxc7 Rdc8 23. Bd6 Rxc4 24. g3 Nd7 25. d5 e5 26. Bxe5 Nxe5 27. Rxe5 Rxb4 28. d6 g6 29. Re7 a5 30. Rf3 f5 31. d7 Rbb8 32. Ra3 Rd8 33. Rxa5 Rxa5 34. Re8+ Kg7 35. Rxd8 Rd5 36. Kg2 Rd3 37. Kf1 h6 38. Ke2 Rd6 39. Ke3 Rd1 40. Kf4 Rd4+ 41. Ke5 Rd1 42. h4 Re1+ 43. Kf4 Re4+ 44. Kf3 Rd4 45. Ke3 Rd1 46. f3 Rd6 47. Kf4 Rd5 48. g4 fxg4 49. fxg4 Rd1 50. g5 hxg5+ 51. hxg5 Rf1+ 52. Ke3 Rd1 53. Kf4 1/2-1/2

[Event "Menchik Memorial Challengers"]
[Site "London"]
[Date "2024.09.01"]
[Round "6.4"]
[White "Lach, Aleksandra"]
[Black "Subramanian, Anusha"]
[Result "1-0"]
[WhiteElo "2278"]
[BlackElo "2067"]
[PlyCount "39"]
[EventDate "2024.08.30"]
[EventType "tourn"]
[EventRounds "9"]
[EventCountry "ENG"]
[SourceTitle "BritBase"]
[Source "John Saunders"]
[SourceDate "2024.09.04"]
[SourceVersion "1"]
[SourceVersionDate "2024.09.04"]
[SourceQuality "1"]

1. e4 e5 2. Bc4 Nf6 3. d3 Nc6 4. Nc3 h6 5. f4 Bb4 6. Nge2 d6 7. Be3 exf4 8. Nxf4 Ne5 9. Bb3 Nfg4 10. Qe2 Nxe3 11. Qxe3 Bc5 12. d4 Ng4 13. Qd2 Bb4 14. O-O c5 15. Qe2 cxd4 16. Qb5+ Bd7 17. Bxf7+ Kxf7 18. Qd5+ Ke8 19. Qh5+ Ke7 20. Nfd5+ 1-0

[Event "Menchik Memorial Challengers"]
[Site "London"]
[Date "2024.09.01"]
[Round "6.5"]
[White "Jarocka, Liwia"]
[Black "Antolak, Julia"]
[Result "1/2-1/2"]
[WhiteElo "2242"]
[BlackElo "2299"]
[PlyCount "43"]
[EventDate "2024.08.30"]
[EventType "tourn"]
[EventRounds "9"]
[EventCountry "ENG"]
[SourceTitle "BritBase"]
[Source "John Saunders"]
[SourceDate "2024.09.04"]
[SourceVersion "1"]
[SourceVersionDate "2024.09.04"]
[SourceQuality "1"]

1. c4 c5 2. Nc3 Nc6 3. Nf3 e5 4. g3 d6 5. Bg2 g6 6. O-O Bg7 7. Ne1 Be6 8. d3 Nge7 9. Nc2 d5 10. cxd5 Nxd5 11. Ne3 Nc7 12. Bxc6+ bxc6 13. Qa4 O-O 14. Qxc6 Bh3 15. Ng2 Ne6 16. Be3 Rc8 17. Qa4 f5 18. f3 Nd4 19. Bf2 Qb6 20. Bxd4 cxd4 21. Nd1 Rc7 22. b4 1/2-1/2

[Event "Menchik Memorial Challengers"]
[Site "London"]
[Date "2024.09.02"]
[Round "7.1"]
[White "Subramanian, Anusha"]
[Black "Mirzoeva, Elmira"]
[Result "1-0"]
[WhiteElo "2067"]
[BlackElo "2260"]
[PlyCount "85"]
[EventDate "2024.08.30"]
[EventType "tourn"]
[EventRounds "9"]
[EventCountry "ENG"]
[SourceTitle "BritBase"]
[Source "John Saunders"]
[SourceDate "2024.09.04"]
[SourceVersion "1"]
[SourceVersionDate "2024.09.04"]
[SourceQuality "1"]

1. e4 d6 2. d4 Nf6 3. Nc3 Nbd7 4. Bd3 e5 5. Nge2 Be7 6. h3 O-O 7. Be3 c6 8. a4 exd4 9. Nxd4 Nc5 10. O-O Re8 11. Nde2 Bf8 12. Ng3 Qc7 13. Bd4 Nfd7 14. f4 Nxd3 15. Qxd3 Nc5 16. Qf3 a5 17. Nh5 Ne6 18. Be3 f6 19. f5 Nc5 20. Rae1 Nd7 21. g4 Ne5 22. Qg3 Qf7 23. Qh4 Be7 24. g5 fxg5 25. Bxg5 Bxg5 26. Qxg5 h6 27. Qh4 Kh8 28. Re3 Bd7 29. Rg3 Rg8 30. Ne2 Raf8 31. Nef4 Be8 32. Kh1 Qc4 33. Re1 Bxh5 34. Qxh5 Qxc2 35. Ng6+ Nxg6 36. Rxg6 Qd2 37. Reg1 Qe3 38. Qg4 d5 39. f6 Rd8 40. fxg7+ Kh7 41. Re6 Qg5 42. Rxh6+ Qxh6 43. Qf5+ 1-0

[Event "Menchik Memorial Challengers"]
[Site "London"]
[Date "2024.09.02"]
[Round "7.2"]
[White "Navrotescu, Andreea"]
[Black "Jarocka, Liwia"]
[Result "1-0"]
[WhiteElo "2281"]
[BlackElo "2242"]
[PlyCount "53"]
[EventDate "2024.08.30"]
[EventType "tourn"]
[EventRounds "9"]
[EventCountry "ENG"]
[SourceTitle "BritBase"]
[Source "John Saunders"]
[SourceDate "2024.09.04"]
[SourceVersion "1"]
[SourceVersionDate "2024.09.04"]
[SourceQuality "1"]

1. c4 e6 2. Nc3 d5 3. d4 Be7 4. Nf3 Nf6 5. Bf4 O-O 6. e3 c5 7. dxc5 Bxc5 8. a3 Nc6 9. Qc2 Re8 10. Bg5 d4 11. Bxf6 gxf6 12. O-O-O e5 13. Bd3 Be6 14. Bxh7+ Kh8 15. Bf5 Qa5 16. Nd5 Bxd5 17. cxd5 Ne7 18. Kb1 Bxa3 19. bxa3 Nxf5 20. Qxf5 Qxa3 21. Rd2 Rad8 22. Ra2 Qb3+ 23. Rb2 Qa3 24. Qxf6+ Kg8 25. Nxe5 Rxe5 26. Qxd8+ Kg7 27. Rd1 1-0

[Event "Menchik Memorial Challengers"]
[Site "London"]
[Date "2024.09.02"]
[Round "7.3"]
[White "Hryshchenko, Kamila"]
[Black "Lach, Aleksandra"]
[Result "1-0"]
[WhiteElo "2163"]
[BlackElo "2278"]
[PlyCount "253"]
[EventDate "2024.08.30"]
[EventType "tourn"]
[EventRounds "9"]
[EventCountry "ENG"]
[SourceTitle "BritBase"]
[Source "John Saunders"]
[SourceDate "2024.09.04"]
[SourceVersion "1"]
[SourceVersionDate "2024.09.04"]
[SourceQuality "1"]

1. e4 c5 2. Nc3 g6 3. f4 Bg7 4. Nf3 Nc6 5. Bc4 e6 6. d3 Nge7 7. O-O d5 8. Bb3 O-O 9. Qe1 Nd4 10. Nxd4 cxd4 11. Nd1 dxe4 12. dxe4 Nc6 13. Bc4 Qc7 14. Bd3 f5 15. e5 a6 16. Bd2 b5 17. a4 Rb8 18. Qe2 Qb6 19. Kh1 Rd8 20. axb5 axb5 21. Nf2 Bf8 22. h3 b4 23. b3 Ne7 24. Bc4 Nd5 25. Nd3 Nc3 26. Bxc3 dxc3 27. Ra4 Bb7 28. Qf2 Bd5 29. Bxd5 Rxd5 30. Qxb6 Rxb6 31. Ra7 Rd8 32. Rfa1 Rdb8 33. Rc7 R8b7 34. Rc8 Rb8 35. Rc4 Be7 36. Ra4 h6 37. Kg1 g5 38. g3 Kf7 39. Kf2 gxf4 40. Rxf4 h5 41. h4 R8b7 42. Rc4 Rd7 43. Ra8 Rbb7 44. Ke3 Rbc7 45. Rxc7 Rxc7 46. Ra5 Rd7 47. Rb5 Bf8 48. Ra5 Bh6+ 49. Ke2 Rd4 50. Ra7+ Kg8 51. Rc7 Re4+ 52. Kf3 Bg7 53. Rc5 Kf7 54. Rb5 Bh6 55. Nxb4 Re1 56. Rb7+ Kg8 57. Rc7 Bd2 58. Na2 Rxe5 59. Kf2 Be3+ 60. Kf1 f4 61. gxf4 Bxf4 62. Rxc3 Ra5 63. Nb4 Ra1+ 64. Kg2 Bd6 65. Nd3 Kf7 66. Rc8 e5 67. Kf3 Rh1 68. Rc4 Ke6 69. Nf2 Rf1 70. Kg2 Re1 71. Ne4 Be7 72. Ng3 Kd5 73. Nxh5 Re2+ 74. Kf3 Rh2 75. Kg3 Rh1 76. Ra4 Rc1 77. Rc4 Rh1 78. Kf3 Rh2 79. Kg3 Rh1 80. Rg4 e4 81. Nf4+ Kc5 82. Ne2 e3 83. Re4 Bd6+ 84. Kg4 Rh2 85. Rxe3 Rg2+ 86. Kf3 Rh2 87. Re4 Kd5 88. Rg4 Rh3+ 89. Ng3 Rh2 90. c4+ Kc6 91. Rg6 Kc7 92. Ne4 Be7 93. Ke3 Rxh4 94. Kd4 Ba3 95. Kd5 Rh5+ 96. Rg5 Rh3 97. Rg3 Rh5+ 98. Kd4 Rh4 99. Re3 Bb4 100. Kd3 Kc6 101. Nc3 Bc5 102. Rf3 Rd4+ 103. Kc2 Rh4 104. Rf6+ Kb7 105. Na4 Rh2+ 106. Kd3 Rh3+ 107. Ke4 Rh4+ 108. Rf4 Rxf4+ 109. Kxf4 Ba3 110. Ke4 Kc6 111. Kd4 Bf8 112. c5 Kb5 113. Kd5 Bh6 114. c6 Bf4 115. Nc3+ Kb6 116. Ne2 Bb8 117. Nd4 Ka5 118. Kc4 Kb6 119. b4 Bg3 120. b5 Bf2 121. Ne6 Bg3 122. Nc5 Bc7 123. Nd7+ Ka7 124. Kc5 Bg3 125. b6+ Ka6 126. b7 Ka7 127. b8=Q+ 1-0

[Event "Menchik Memorial Challengers"]
[Site "London"]
[Date "2024.09.02"]
[Round "7.4"]
[White "Rida, Ruqayyah"]
[Black "Varney, Zoe"]
[Result "1-0"]
[WhiteElo "2115"]
[BlackElo "2067"]
[PlyCount "25"]
[EventDate "2024.08.30"]
[EventType "tourn"]
[EventRounds "9"]
[EventCountry "ENG"]
[SourceTitle "BritBase"]
[Source "John Saunders"]
[SourceDate "2024.09.04"]
[SourceVersion "1"]
[SourceVersionDate "2024.09.04"]
[SourceQuality "1"]

1. e4 d5 2. exd5 Nf6 3. d4 Nxd5 4. c4 Nf6 5. Nc3 c6 6. h3 Bf5 7. Nf3 e6 8. Be3 Qb6 9. Qd2 Bb4 10. Bd3 Qa5 11. Bxf5 Qxf5 12. O-O Ne4 13. Nxe4 1-0

[Event "Menchik Memorial Challengers"]
[Site "London"]
[Date "2024.09.02"]
[Round "7.5"]
[White "Antolak, Julia"]
[Black "Van Foreest, Machteld"]
[Result "1/2-1/2"]
[WhiteElo "2299"]
[BlackElo "2224"]
[PlyCount "25"]
[EventDate "2024.08.30"]
[EventType "tourn"]
[EventRounds "9"]
[EventCountry "ENG"]
[SourceTitle "BritBase"]
[Source "John Saunders"]
[SourceDate "2024.09.04"]
[SourceVersion "1"]
[SourceVersionDate "2024.09.04"]
[SourceQuality "1"]

1. d4 d5 2. c4 e6 3. Nc3 Nf6 4. cxd5 exd5 5. Bg5 Be7 6. e3 h6 7. Bh4 Bg4 8. Qc2 O-O 9. h3 Be6 10. Bd3 c5 11. dxc5 d4 12. exd4 Qxd4 13. Nf3 1/2-1/2

[Event "Menchik Memorial Challengers"]
[Site "London"]
[Date "2024.09.02"]
[Round "8.1"]
[White "Mirzoeva, Elmira"]
[Black "Hryshchenko, Kamila"]
[Result "1-0"]
[WhiteElo "2260"]
[BlackElo "2163"]
[PlyCount "97"]
[EventDate "2024.08.30"]
[EventType "tourn"]
[EventRounds "9"]
[EventCountry "ENG"]
[SourceTitle "BritBase"]
[Source "John Saunders"]
[SourceDate "2024.09.04"]
[SourceVersion "1"]
[SourceVersionDate "2024.09.04"]
[SourceQuality "1"]

1. d4 d6 2. Nf3 g6 3. b3 Bg7 4. Bb2 Nf6 5. g3 Nc6 6. Bg2 O-O 7. O-O a6 8. d5 Nb8 9. c4 e5 10. dxe6 fxe6 11. Nc3 Nc6 12. Qd2 Bd7 13. Rad1 Rb8 14. Ng5 Qe8 15. Nce4 Qe7 16. Rc1 Rbd8 17. b4 Bc8 18. b5 Nxe4 19. Nxe4 Ne5 20. a4 axb5 21. axb5 d5 22. cxd5 Rxd5 23. Qa5 c6 24. Ba3 Qd8 25. Qa8 Re8 26. Nc5 b6 27. Bxd5 cxd5 28. Nb7 Bxb7 29. Qxb7 Nc4 30. Bb4 Qa8 31. Qxa8 Rxa8 32. Bc3 Bh6 33. Ra1 Rc8 34. Ra7 Nd6 35. Be5 Nxb5 36. Rb7 Na3 37. Rxb6 Nc4 38. Rxe6 Kf7 39. Rf6+ Ke7 40. Ba1 Ra8 41. Rc6 Kd7 42. Rc5 Kd6 43. Bd4 Re8 44. e3 Ra8 45. Rd1 Ra4 46. Rb5 Kc6 47. Rb8 Bg5 48. Rh8 h5 49. Rg8 1-0

[Event "Menchik Memorial Challengers"]
[Site "London"]
[Date "2024.09.02"]
[Round "8.2"]
[White "Varney, Zoe"]
[Black "Antolak, Julia"]
[Result "0-1"]
[WhiteElo "2067"]
[BlackElo "2299"]
[PlyCount "64"]
[EventDate "2024.08.30"]
[EventType "tourn"]
[EventRounds "9"]
[EventCountry "ENG"]
[SourceTitle "BritBase"]
[Source "John Saunders"]
[SourceDate "2024.09.04"]
[SourceVersion "1"]
[SourceVersionDate "2024.09.04"]
[SourceQuality "1"]

1. e4 c5 2. c3 d5 3. exd5 Qxd5 4. Nf3 g6 5. d4 Bg7 6. dxc5 Qxc5 7. Be3 Qc7 8. Nbd2 Nf6 9. Bc4 O-O 10. O-O Nc6 11. Re1 b6 12. Qe2 Bb7 13. Ba6 Bxa6 14. Qxa6 Rad8 15. Nb3 Ng4 16. Qc4 Nxe3 17. Rxe3 e5 18. Rae1 Rd7 19. g3 Rfd8 20. Qh4 h6 21. Qc4 Kh7 22. Qf1 f5 23. R3e2 e4 24. Nfd2 Ne5 25. f3 Rxd2 26. Nxd2 Rxd2 27. fxe4 fxe4 28. Rxe4 Rxb2 29. R1e3 Qc5 30. Qf4 Qd5 31. Qf1 Qd2 32. Re2 Qxc3 0-1

[Event "Menchik Memorial Challengers"]
[Site "London"]
[Date "2024.09.02"]
[Round "8.3"]
[White "Lach, Aleksandra"]
[Black "Rida, Ruqayyah"]
[Result "1-0"]
[WhiteElo "2278"]
[BlackElo "2115"]
[PlyCount "99"]
[EventDate "2024.08.30"]
[EventType "tourn"]
[EventRounds "9"]
[EventCountry "ENG"]
[SourceTitle "BritBase"]
[Source "John Saunders"]
[SourceDate "2024.09.04"]
[SourceVersion "1"]
[SourceVersionDate "2024.09.04"]
[SourceQuality "1"]

1. d4 Nf6 2. Bg5 g6 3. Bxf6 exf6 4. c4 Bg7 5. Nc3 f5 6. e3 O-O 7. g3 Re8 8. Nge2 Nc6 9. Bg2 d6 10. O-O g5 11. Qd2 Ne7 12. e4 fxe4 13. Qxg5 f5 14. Rad1 Ng6 15. Qxd8 Rxd8 16. f3 exf3 17. Rxf3 Be6 18. b3 Bd7 19. Bh3 Rf8 20. Rdf1 Rae8 21. Bxf5 Bxf5 22. Rxf5 Rxf5 23. Rxf5 Re3 24. Kf1 Bxd4 25. Nd5 Rd3 26. Nxd4 Rxd4 27. Nxc7 Rd1+ 28. Kg2 Ne7 29. Rf1 Rd3 30. Ne6 Ng6 31. h4 h5 32. Rf2 d5 33. Nc5 Rd4 34. cxd5 Rxd5 35. Nxb7 Kg7 36. Rc2 Ne5 37. Nc5 Ng4 38. Ne6+ Kf6 39. Nf4 Ra5 40. Kf3 Ne5+ 41. Ke4 Ng4 42. Rc6+ Ke7 43. a4 Re5+ 44. Kd4 Ra5 45. Nd5+ Kd7 46. Rg6 Nf2 47. Rg5 Kd6 48. Rxh5 Nh1 49. Rg5 Nf2 50. h5 1-0

[Event "Menchik Memorial Challengers"]
[Site "London"]
[Date "2024.09.02"]
[Round "8.4"]
[White "Jarocka, Liwia"]
[Black "Van Foreest, Machteld"]
[Result "1/2-1/2"]
[WhiteElo "2242"]
[BlackElo "2224"]
[PlyCount "25"]
[EventDate "2024.08.30"]
[EventType "tourn"]
[EventRounds "9"]
[EventCountry "ENG"]
[SourceTitle "BritBase"]
[Source "John Saunders"]
[SourceDate "2024.09.04"]
[SourceVersion "1"]
[SourceVersionDate "2024.09.04"]
[SourceQuality "1"]

1. d4 Nf6 2. c4 e6 3. Nc3 Bb4 4. Qc2 O-O 5. a3 Bxc3+ 6. Qxc3 d5 7. Bg5 c5 8. e3 cxd4 9. Qxd4 Nc6 10. Qc3 dxc4 11. Bxf6 Qxf6 12. Qxf6 gxf6 13. Bxc4 1/2-1/2

[Event "Menchik Memorial Challengers"]
[Site "London"]
[Date "2024.09.02"]
[Round "8.5"]
[White "Navrotescu, Andreea"]
[Black "Subramanian, Anusha"]
[Result "1-0"]
[WhiteElo "2281"]
[BlackElo "2067"]
[PlyCount "143"]
[EventDate "2024.08.30"]
[EventType "tourn"]
[EventRounds "9"]
[EventCountry "ENG"]
[SourceTitle "BritBase"]
[Source "John Saunders"]
[SourceDate "2024.09.04"]
[SourceVersion "1"]
[SourceVersionDate "2024.09.04"]
[SourceQuality "1"]

1. d4 Nf6 2. c4 e6 3. Nf3 d5 4. Nc3 c6 5. Bg5 h6 6. Bh4 Be7 7. e3 O-O 8. Bd3 Nbd7 9. O-O b6 10. cxd5 exd5 11. Rc1 Bb7 12. Bb1 Ne4 13. Bg3 f5 14. Bf4 Bd6 15. Bxe4 Bxf4 16. Bxd5+ cxd5 17. exf4 Rc8 18. Re1 Re8 19. Qb3 Nf6 20. Rxe8+ Qxe8 21. Re1 Qd7 22. h3 Qc7 23. Re5 g6 24. Qa3 Re8 25. Rxe8+ Nxe8 26. Ne5 Kg7 27. Qxa7 b5 28. Qc5 Qxc5 29. dxc5 b4 30. Nb5 Ba6 31. Nd4 Nc7 32. Nec6 b3 33. axb3 Kf6 34. b4 g5 35. g3 Bd3 36. Na7 Na6 37. c6 Nxb4 38. c7 Ba6 39. c8=Q Bxc8 40. Nxc8 gxf4 41. gxf4 Nd3 42. Ne2 Nxb2 43. Nb6 Ke6 44. Nd4+ Kf6 45. Nxd5+ Kg6 46. Ne7+ Kf6 47. Nexf5 Nd3 48. Nxh6 Nxf4 49. Ng4+ Kg5 50. Kh2 Nh5 51. Ne2 Ng7 52. f4+ Kf5 53. Kg3 Ke4 54. Nh6 Ke3 55. Nc3 Nh5+ 56. Kg4 Nf6+ 57. Kf5 Nh5 58. Nd5+ Kf3 59. Kg5 Ng3 60. f5 Ne4+ 61. Kh4 Nc5 62. f6 Ne6 63. f7 Nf8 64. Kg5 Nh7+ 65. Kg6 Nf8+ 66. Kg7 Ne6+ 67. Kf6 Nf8 68. Nf5 Ke4 69. Nb6 Kf4 70. Nd4 Kg3 71. Kg7 Kxh3 72. Kxf8 1-0